Development communication: (Record no. 150736)

MARC details
000 -LEADER
fixed length control field 00654nam a22001937a 4500
005 - DATE AND TIME OF LATEST TRANSACTION
control field 20180706170529.0
010 ## - LCCN (DPL NO)
LC control number ENG-122479
020 ## - INTERNATIONAL STANDARD BOOK NUMBER
International Standard Book Number 9788125051022
Terms of availability 310.00
035 ## - SYSTEM CONTROL NUMBER
System control number EN-106011
037 ## - SOURCE OF ACQUISITION
Source of stock number/acquisition DBAD/PUB
082 ## - DEWEY DECIMAL CLASSIFICATION NUMBER
Classification number 302.2
100 ## - MAIN ENTRY--PERSONAL NAME
Personal name Sinha, Dipankar
245 ## - TITLE STATEMENT
Title Development communication:
Statement of responsibility, etc by Dipankar Sinha
Remainder of title contexts for the twenty-first century /
260 ## - PUBLICATION, DISTRIBUTION, ETC. (IMPRINT)
Place of publication, distribution, etc New Delhi
Name of publisher, distributor, etc Orient BlackSwan Pvt. Ltd.
Date of publication, distribution, etc 2013
270 ## - ADDRESS
Address 1/24, Asaf Ali Road
City New Delhi
Postal code 110002
Electronic mail address delhi@orientblackswan.com
300 ## - PHYSICAL DESCRIPTION
Extent (viii)217p.
Other physical details ill.
Dimensions 24cm(pbk)
500 ## - GENERAL NOTE
General note It include bibliography and index
942 ## - ADDED ENTRY ELEMENTS (KOHA)
Source of classification or shelving scheme Dewey Decimal Classification
Item type English Books
Call number suffix SIN
Classification part 302.2
Holdings
Withdrawn status Lost status Not for loan Collection code Home library Current library Date acquired Source of acquisition Cost, normal purchase price Full call number Barcode Copy number Cost, replacement price Koha item type
    Not For Loan Non-fiction D.B.Act.Division Patel Nagar 04/04/2018 DBAD/PUB 310.00 302.2 SIN EN-106011 1 310.00 English Books

© Delhi Public Library
Hit Counter
free hit counter